000 00765nam a2200289Ia 4500
001 41897
003 IT-RoPAU
008 130308s9999 xx 000 0 und d
040 _aIT-RoPAU
040 _cIT-RoPAU
041 _aITALIANO
100 _aPezzini Cristoforo
100 _gCodice Aut. SPICS: 18426
245 _aMoralità e socialità della professione forense
245 _bMoralita' e Socialita' della professione Forense
250 _a1a ed.
260 _aBERGAMO
260 _bSan Marco
260 _c1957 [1° Ed.:1957 - Ed.Ling.Originale:1957]
300 _a"20 p. (prefazione: no ; testo: 20)"
650 _aSAGGI DI DIRITTO
650 _eCodice materia Spics: 4602
942 _cBK
957 _71
999 _c68319
_d68319
999 _bSI
999 _g1